[Event "Skakligaen 2005/06"]
[Site "Denmark"]
[Date "2005.11.20"]
[Round "3.8"]
[White "de Blecourt Dalsberg, Sandra"]
[Black "Lauridsen, Jesper Morch"]
[Result "0-1"]
[WhiteElo "2059"]
[BlackElo "2225"]
[PlyCount "78"]
[EventDate "2005.11.05"]
[EventType "team"]
[EventRounds "9"]
[EventCountry "DEN"]
[WhiteTeam "Helsingor"]
[BlackTeam "Helsinge"]
[WhiteTeamCountry "DEN"]
[BlackTeamCountry "DEN"]

1. d4 d5 2. c4 e6 3. Nc3 c5 4. cxd5 exd5 5. Nf3 Nc6 6. e3 Nf6 7. Bb5 Bd6 8. Ne5
Bd7 9. Bxc6 bxc6 10. O-O O-O 11. Na4 Re8 12. Nxc5 Bxc5 13. Nxd7 Nxd7 14. dxc5
Nxc5 15. Qc2 Qb6 16. b4 Ne6 17. Bd2 Rac8 18. Rab1 c5 19. bxc5 Qxc5 20. Qxc5
Rxc5 21. Rfc1 Rxc1+ 22. Rxc1 Rb8 23. Bc3 Kf8 24. Kf1 Ke7 25. Rd1 Rb5 26. Ke2 f6
27. Rd2 Nc7 28. a4 Rb7 29. Ba5 Ke6 30. Rd4 Na6 31. Bc3 Nc5 32. a5 Rb3 33. Bb4
Rb2+ 34. Kf3 Ne4 35. Be1 Rb1 36. Ke2 Rb2+ 37. Kf3 g5 38. Rb4 g4+ 39. Kf4 Nxf2
0-1

[Event "Skakligaen 2005/06"]
[Site "Denmark"]
[Date "2006.01.14"]
[Round "4.1"]
[White "Nilssen, John Arni"]
[Black "Hillarp Persson, Tiger"]
[Result "0-1"]
[WhiteElo "2320"]
[BlackElo "2534"]
[PlyCount "86"]
[EventDate "2005.11.05"]
[EventType "team"]
[EventRounds "9"]
[EventCountry "DEN"]
[WhiteTeam "Foroyar"]
[BlackTeam "Bronshoj"]
[WhiteTeamCountry "DEN"]
[BlackTeamCountry "DEN"]

1. d4 d5 2. c4 c6 3. Nc3 Nf6 4. e3 e6 5. Nf3 Nbd7 6. Bd3 dxc4 7. Bxc4 b5 8. Be2
Bb7 9. O-O Be7 10. e4 b4 11. e5 bxc3 12. exf6 Bxf6 13. bxc3 c5 14. Be3 O-O 15.
dxc5 Be7 16. Rb1 Qc8 17. Nd4 Nxc5 18. Bf3 Rb8 19. Bxb7 Rxb7 20. Qf3 Rb6 21. c4
Qa6 22. Rb5 Rc8 23. Nb3 Rxb5 24. cxb5 Qxb5 25. Rc1 Qb8 26. Na5 Bf8 27. g3 Nd3
28. Rxc8 Qxc8 29. Qc6 Qxc6 30. Nxc6 a6 31. Kf1 Nb4 32. Nxb4 Bxb4 33. Ke2 f5 34.
Kd3 Kf7 35. Kc4 Bd6 36. a4 Ke7 37. Bd4 g5 38. h3 h5 39. Be3 g4 40. hxg4 hxg4
41. Ba7 Kd7 42. Bb6 Kc6 43. Bd4 Bc7 0-1

[Event "Skakligaen 2005/06"]
[Site "Denmark"]
[Date "2006.01.14"]
[Round "4.2"]
[White "Pilgaard, Kim"]
[Black "Rasmussen, Rogvi Winthereig"]
[Result "1-0"]
[WhiteElo "2417"]
[BlackElo "2129"]
[PlyCount "69"]
[EventDate "2005.11.05"]
[EventType "team"]
[EventRounds "9"]
[EventCountry "DEN"]
[WhiteTeam "Bronshoj"]
[BlackTeam "Foroyar"]
[WhiteTeamCountry "DEN"]
[BlackTeamCountry "DEN"]

1. e4 c5 2. Nf3 d6 3. d4 cxd4 4. Nxd4 Nf6 5. Nc3 g6 6. Be3 Bg7 7. f3 O-O 8. Qd2
Nc6 9. O-O-O Nxd4 10. Bxd4 Be6 11. Kb1 Qc7 12. h4 Rfc8 13. h5 Qa5 14. hxg6 hxg6
15. a3 Rab8 16. Bd3 b5 17. Qg5 Rc5 18. Bxc5 dxc5 19. Qxc5 Nd7 20. Qb4 Qb6 21.
Nd5 Bxd5 22. exd5 Nc5 23. Qf4 a5 24. Rh7 Nxd3 25. cxd3 Rd8 26. Rdh1 Qf6 27.
Rxg7+ Qxg7 28. Qc7 Qf8 29. Qxa5 Rxd5 30. Qc3 e5 31. f4 Qd8 32. Rh3 f6 33. fxe5
Rxe5 34. d4 Rd5 35. Qc6 1-0

[Event "Skakligaen 2005/06"]
[Site "Denmark"]
[Date "2006.01.14"]
[Round "4.3"]
[White "Andreasen, Henrik"]
[Black "Hoi, Carsten"]
[Result "0-1"]
[WhiteElo "2125"]
[BlackElo "2382"]
[PlyCount "58"]
[EventDate "2005.11.05"]
[EventType "team"]
[EventRounds "9"]
[EventCountry "DEN"]
[WhiteTeam "Foroyar"]
[BlackTeam "Bronshoj"]
[WhiteTeamCountry "DEN"]
[BlackTeamCountry "DEN"]

1. d4 Nf6 2. c4 g6 3. Nc3 Bg7 4. e4 d6 5. f3 O-O 6. Be3 Nbd7 7. Nge2 c5 8. Qd2
a6 9. d5 Ne5 10. Ng3 e6 11. Rd1 exd5 12. cxd5 h5 13. Bg5 Qc7 14. Be2 Nh7 15. f4
Nxg5 16. fxe5 Nh7 17. exd6 Qxd6 18. O-O Bd4+ 19. Kh1 h4 20. e5 Qxe5 21. Nge4 h3
22. Bf3 hxg2+ 23. Bxg2 Bf5 24. Rde1 Bxe4 25. Rxe4 Qg5 26. Qe2 Nf6 27. Re7 Nh5
28. Qe4 Kg7 29. Qe6 Nf4 0-1

[Event "Skakligaen 2005/06"]
[Site "Denmark"]
[Date "2006.01.14"]
[Round "4.4"]
[White "Bromann, Thorbjorn"]
[Black "Hansen, Herluf"]
[Result "1-0"]
[WhiteElo "2349"]
[BlackElo "2005"]
[PlyCount "61"]
[EventDate "2005.11.05"]
[EventType "team"]
[EventRounds "9"]
[EventCountry "DEN"]
[WhiteTeam "Bronshoj"]
[BlackTeam "Foroyar"]
[WhiteTeamCountry "DEN"]
[BlackTeamCountry "DEN"]

1. c4 c5 2. g3 d5 3. cxd5 Qxd5 4. Nf3 Nc6 5. Nc3 Qd8 6. Bg2 Nf6 7. O-O g6 8.
Qa4 Bd7 9. Qh4 Bg7 10. d3 O-O 11. Bh6 Bxh6 12. Qxh6 Ng4 13. Qd2 Nf6 14. Qh6 Ng4
15. Qg5 f5 16. h3 Nf6 17. Qe3 b6 18. Ne5 Nd4 19. Bxa8 Qxa8 20. Nxd7 Nxd7 21. f4
Kf7 22. Qf2 e5 23. e3 Ne6 24. Qf3 Qb8 25. a4 exf4 26. gxf4 a6 27. a5 b5 28. Qc6
Qa7 29. Nd5 Rd8 30. Nb6 Nb8 31. Qf3 1-0

[Event "Skakligaen 2005/06"]
[Site "Denmark"]
[Date "2006.01.14"]
[Round "4.5"]
[White "Hansen, Poul Martin"]
[Black "Brinck Claussen, Bjorn"]
[Result "0-1"]
[WhiteElo "1871"]
[BlackElo "2306"]
[PlyCount "106"]
[EventDate "2005.11.05"]
[EventType "team"]
[EventRounds "9"]
[EventCountry "DEN"]
[WhiteTeam "Foroyar"]
[BlackTeam "Bronshoj"]
[WhiteTeamCountry "DEN"]
[BlackTeamCountry "DEN"]

1. d4 Nf6 2. Nf3 g6 3. Nc3 d5 4. Bg5 Bg7 5. Bxf6 Bxf6 6. e4 dxe4 7. Nxe4 Bg7 8.
c3 O-O 9. Bd3 Nd7 10. Qc2 e5 11. dxe5 Nxe5 12. Nxe5 Bxe5 13. O-O c6 14. Rfe1
Qc7 15. h3 b6 16. Rad1 Bb7 17. Ng5 Bh2+ 18. Kh1 Bf4 19. Nf3 Rfe8 20. Re2 Rad8
21. Rde1 Qd7 22. Rxe8+ Rxe8 23. Rxe8+ Qxe8 24. Qa4 Bb8 25. Qe4 Qxe4 26. Bxe4 f5
27. Bd3 c5 28. Kg1 Bf4 29. Kf1 Kg7 30. Ke2 Kf6 31. h4 Bd5 32. c4 Be6 33. b3 h6
34. Bb1 Bd6 35. Ne1 Bd7 36. g3 f4 37. gxf4 Bxf4 38. Ng2 Bc1 39. f4 Bg4+ 40. Kf2
Bf5 41. Bxf5 Kxf5 42. Kf3 h5 43. a3 Bd2 44. b4 cxb4 45. axb4 Bxb4 46. Ne3+ Ke6
47. Ke4 a5 48. f5+ gxf5+ 49. Nxf5 a4 50. Nd4+ Kf6 51. Kd5 Bc5 52. Nb5 Kf5 53.
Nc3 a3 0-1

[Event "Skakligaen 2005/06"]
[Site "Denmark"]
[Date "2006.01.14"]
[Round "4.6"]
[White "Carstensen, Jacob"]
[Black "Rimestad, Arild"]
[Result "1-0"]
[WhiteElo "2303"]
[BlackElo "1866"]
[PlyCount "53"]
[EventDate "2005.11.05"]
[EventType "team"]
[EventRounds "9"]
[EventCountry "DEN"]
[WhiteTeam "Bronshoj"]
[BlackTeam "Foroyar"]
[WhiteTeamCountry "DEN"]
[BlackTeamCountry "DEN"]

1. d4 g6 2. c4 Bg7 3. Nc3 f5 4. Nf3 c6 5. g3 d6 6. d5 Nf6 7. Bg2 Bd7 8. O-O O-O
9. Rb1 Na6 10. b4 Rc8 11. Be3 cxd5 12. Nxd5 Rxc4 13. Nxf6+ Rxf6 14. Qd5+ Be6
15. Qxb7 Qc8 16. Qxe7 Rc7 17. Qxd6 Bxa2 18. Qd3 Bxb1 19. Rxb1 Qd7 20. Qb3+ Qe6
21. Qa4 Rf8 22. Ng5 Qc4 23. Rc1 Qxb4 24. Qa2+ Kh8 25. Rxc7 Nxc7 26. Nf7+ Rxf7
27. Qxf7 1-0

[Event "Skakligaen 2005/06"]
[Site "Denmark"]
[Date "2006.01.14"]
[Round "4.7"]
[White "Leyni, Ian"]
[Black "Palm, Nikolaj"]
[Result "0-1"]
[WhiteElo "1858"]
[BlackElo "2231"]
[PlyCount "96"]
[EventDate "2005.11.05"]
[EventType "team"]
[EventRounds "9"]
[EventCountry "DEN"]
[WhiteTeam "Foroyar"]
[BlackTeam "Bronshoj"]
[WhiteTeamCountry "DEN"]
[BlackTeamCountry "DEN"]

1. d4 d5 2. c4 e6 3. Nc3 c6 4. Nf3 dxc4 5. a4 Bb4 6. e4 b5 7. Be2 Bb7 8. Qc2 a6
9. O-O Nd7 10. Rd1 Ngf6 11. Bg5 h6 12. Bh4 Qb6 13. e5 Nd5 14. Ne4 Nf8 15. a5
Qc7 16. Bg3 Ng6 17. Nd6+ Kf8 18. Nd2 Ngf4 19. N2e4 f5 20. Nc5 Bc8 21. Bf3 g6
22. Bxd5 Nxd5 23. Qc1 Kg7 24. Bf4 Qe7 25. Bd2 Bxc5 26. dxc5 Bd7 27. Ra3 Rag8
28. f4 Kf8 29. Rg3 Rg7 30. Rf1 Rhg8 31. Qd1 Be8 32. Qf3 Bf7 33. Rh3 Rh8 34. Kh1
Qa7 35. Be3 Qc7 36. Bd2 Qa7 37. Qf2 Qe7 38. Rf3 Kg8 39. Rg1 g5 40. g3 Bh5 41.
Ra3 Kh7 42. h4 gxh4 43. gxh4 Rxg1+ 44. Kxg1 Rg8+ 45. Kf1 Qg7 46. Rh3 Qg4 47.
Rh1 Qd1+ 48. Be1 Qd3+ 0-1

[Event "Skakligaen 2005/06"]
[Site "Denmark"]
[Date "2006.01.14"]
[Round "4.1"]
[White "Andreasen, Per Naesby"]
[Black "Hansen, Sune Berg"]
[Result "0-1"]
[WhiteElo "2280"]
[BlackElo "2558"]
[PlyCount "68"]
[EventDate "2005.11.05"]
[EventType "team"]
[EventRounds "9"]
[EventCountry "DEN"]
[WhiteTeam "Norresundby"]
[BlackTeam "Helsingor"]
[WhiteTeamCountry "DEN"]
[BlackTeamCountry "DEN"]

1. c4 c6 2. g3 d5 3. Bg2 Nf6 4. Nf3 Bg4 5. cxd5 Bxf3 6. Bxf3 cxd5 7. O-O Nc6 8.
d3 e6 9. Nc3 Bc5 10. a3 O-O 11. b4 Bd4 12. Bb2 Rc8 13. Rc1 a6 14. Bg2 Qe7 15.
Qd2 Rfd8 16. Na4 Bxb2 17. Qxb2 h6 18. Rc2 Na7 19. Rfc1 Rxc2 20. Rxc2 Rc8 21.
Rxc8+ Nxc8 22. e4 dxe4 23. dxe4 e5 24. Nc5 Na7 25. f4 Nc6 26. fxe5 Nxe5 27.
Nxb7 Nfg4 28. Nc5 Qd8 29. Bf1 Qd1 30. Qe2 Qd4+ 31. Kh1 Ne3 32. h3 Qa1 33. Kg1
Nxf1 34. Qxf1 Qxa3 0-1

[Event "Skakligaen 2005/06"]
[Site "Denmark"]
[Date "2006.01.14"]
[Round "4.2"]
[White "Mortensen, Erling"]
[Black "Sorensen, Bent"]
[Result "1-0"]
[WhiteElo "2474"]
[BlackElo "2262"]
[PlyCount "87"]
[EventDate "2005.11.05"]
[EventType "team"]
[EventRounds "9"]
[EventCountry "DEN"]
[WhiteTeam "Helsingor"]
[BlackTeam "Norresundby"]
[WhiteTeamCountry "DEN"]
[BlackTeamCountry "DEN"]

1. e4 e6 2. d4 d5 3. Nc3 Bb4 4. e5 c5 5. a3 Bxc3+ 6. bxc3 Ne7 7. Nf3 Bd7 8.
dxc5 Qa5 9. Rb1 Na6 10. Rxb7 Nxc5 11. Rb4 Ne4 12. Bd3 Rc8 13. O-O Nxc3 14. Qe1
Na2 15. Rb7 Qxe1 16. Rxe1 Nxc1 17. Rxc1 Nc6 18. Bb5 Ke7 19. c4 dxc4 20. Rxc4
Nb8 21. Nd2 a6 22. Bxd7 Nxd7 23. f4 Rhd8 24. Kf2 Ke8 25. Ne4 Rxc4 26. Nd6+ Kf8
27. Nxc4 Rc8 28. Nd6 Rc2+ 29. Kf3 Rc3+ 30. Kg4 Ke7 31. Nxf7 Kxf7 32. Rxd7+ Kg6
33. Rd6 h5+ 34. Kh4 Rc2 35. Kh3 Kf5 36. g3 a5 37. Ra6 g5 38. fxg5 Re2 39. g6
Kxg6 40. Rxe6+ Kg5 41. Re8 Re3 42. e6 Kf6 43. Kh4 Kg6 44. Rg8+ 1-0

[Event "Skakligaen 2005/06"]
[Site "Denmark"]
[Date "2006.01.14"]
[Round "4.3"]
[White "Jorgensen, Jorgen"]
[Black "Holmsgaard, Henrik"]
[Result "1/2-1/2"]
[WhiteElo "2274"]
[BlackElo "2344"]
[PlyCount "21"]
[EventDate "2005.11.05"]
[EventType "team"]
[EventRounds "9"]
[EventCountry "DEN"]
[WhiteTeam "Norresundby"]
[BlackTeam "Helsingor"]
[WhiteTeamCountry "DEN"]
[BlackTeamCountry "DEN"]

1. d4 d5 2. Nf3 Nf6 3. g3 Bf5 4. Bg2 e6 5. O-O h6 6. c4 c6 7. Nc3 Nbd7 8. Qb3
Qb6 9. c5 Qxb3 10. axb3 a6 11. b4 1/2-1/2

[Event "Skakligaen 2005/06"]
[Site "Denmark"]
[Date "2006.01.14"]
[Round "4.4"]
[White "Nielsen, Nicholas Roland"]
[Black "Pedersen, Svend"]
[Result "1-0"]
[WhiteElo "2172"]
[BlackElo "2260"]
[PlyCount "43"]
[EventDate "2005.11.05"]
[EventType "team"]
[EventRounds "9"]
[EventCountry "DEN"]
[WhiteTeam "Helsingor"]
[BlackTeam "Norresundby"]
[WhiteTeamCountry "DEN"]
[BlackTeamCountry "DEN"]

1. e4 d6 2. d4 g6 3. Nc3 Bg7 4. Be3 a6 5. Qd2 Nd7 6. a3 b5 7. f3 Bb7 8. g4 c5
9. h4 h5 10. gxh5 Rxh5 11. Nge2 Bf6 12. Bf2 e6 13. dxc5 Bxh4 14. Rxh4 Rxh4 15.
Qxd6 Rc8 16. Nd4 Rxc5 17. Nxe6 Qf6 18. Bxc5 Qxe6 19. Qg3 Rh1 20. Be3 Ngf6 21.
O-O-O Qe5 22. Qxe5+ 1-0

[Event "Skakligaen 2005/06"]
[Site "Denmark"]
[Date "2006.01.14"]
[Round "4.5"]
[White "Nielsen, Tommy"]
[Black "Larsen, Ole Bogh"]
[Result "1/2-1/2"]
[WhiteElo "2154"]
[BlackElo "2202"]
[PlyCount "30"]
[EventDate "2005.11.05"]
[EventType "team"]
[EventRounds "9"]
[EventCountry "DEN"]
[WhiteTeam "Norresundby"]
[BlackTeam "Helsingor"]
[WhiteTeamCountry "DEN"]
[BlackTeamCountry "DEN"]

1. e4 e6 2. d4 d5 3. Nd2 c5 4. Ngf3 cxd4 5. Nxd4 Nc6 6. Nxc6 bxc6 7. Bd3 Qc7 8.
O-O Bd6 9. h3 Nf6 10. exd5 cxd5 11. c4 Bb7 12. cxd5 Bxd5 13. Bb5+ Ke7 14. Qe2
Rhd8 15. Bc4 Kf8 1/2-1/2

[Event "Skakligaen 2005/06"]
[Site "Denmark"]
[Date "2006.01.14"]
[Round "4.6"]
[White "Jorgensen, Michael"]
[Black "Willumsen, Henrik"]
[Result "1-0"]
[WhiteElo "2185"]
[BlackElo "2163"]
[PlyCount "69"]
[EventDate "2005.11.05"]
[EventType "team"]
[EventRounds "9"]
[EventCountry "DEN"]
[WhiteTeam "Helsingor"]
[BlackTeam "Norresundby"]
[WhiteTeamCountry "DEN"]
[BlackTeamCountry "DEN"]

1. d4 d5 2. c4 c6 3. Nf3 Nf6 4. Nc3 e6 5. Bg5 dxc4 6. e4 b5 7. e5 h6 8. Bh4 g5
9. Nxg5 hxg5 10. Bxg5 Nbd7 11. g3 Bb7 12. Bg2 Qb6 13. exf6 c5 14. d5 O-O-O 15.
O-O b4 16. Na4 Qb5 17. a3 exd5 18. axb4 cxb4 19. Be3 Nc5 20. Nxc5 Bxc5 21. Bxc5
Qxc5 22. Re1 Rhe8 23. Qh5 Rxe1+ 24. Rxe1 c3 25. bxc3 bxc3 26. Qxf7 Qc7 27. Qe6+
Kb8 28. f7 c2 29. Rc1 d4 30. Qf6 Rf8 31. Qxd4 Rd8 32. Rxc2 Qe7 33. Qf4+ Ka8 34.
Bxb7+ Qxb7 35. f8=Q 1-0

[Event "Skakligaen 2005/06"]
[Site "Denmark"]
[Date "2006.01.14"]
[Round "4.7"]
[White "Nielsen, John Bauneborg"]
[Black "de Blecourt Dalsberg, Sandra"]
[Result "1-0"]
[WhiteElo "2163"]
[BlackElo "2059"]
[PlyCount "59"]
[EventDate "2005.11.05"]
[EventType "team"]
[EventRounds "9"]
[EventCountry "DEN"]
[WhiteTeam "Norresundby"]
[BlackTeam "Helsingor"]
[WhiteTeamCountry "DEN"]
[BlackTeamCountry "DEN"]

1. d4 d5 2. c4 c6 3. Nc3 Nf6 4. Nf3 dxc4 5. a4 Bf5 6. e3 e6 7. Bxc4 Bb4 8. O-O
O-O 9. Qe2 Bg6 10. Ne5 Nbd7 11. Nxg6 hxg6 12. Rd1 Qa5 13. e4 e5 14. Na2 Be7 15.
Bd2 Qc7 16. Bc3 exd4 17. Bxd4 Bd6 18. h3 Rfe8 19. Nc3 Bc5 20. Ba2 Re7 21. Qe3
Bxd4 22. Rxd4 Rae8 23. Rad1 c5 24. R4d2 a6 25. f4 Nf8 26. e5 Rd7 27. Qg3 Nh5
28. Rxd7 Qxd7 29. Rxd7 Nxg3 30. Bxf7+ 1-0

[Event "Skakligaen 2005/06"]
[Site "Denmark"]
[Date "2006.01.14"]
[Round "4.8"]
[White "Jensen, Ib"]
[Black "Kaysfeld, Henrik"]
[Result "0-1"]
[WhiteElo "2004"]
[BlackElo "2106"]
[PlyCount "68"]
[EventDate "2005.11.05"]
[EventType "team"]
[EventRounds "9"]
[EventCountry "DEN"]
[WhiteTeam "Helsingor"]
[BlackTeam "Norresundby"]
[WhiteTeamCountry "DEN"]
[BlackTeamCountry "DEN"]

1. d4 f5 2. Nc3 d5 3. Nf3 Nf6 4. Bf4 e6 5. e3 Bd6 6. Bd3 O-O 7. O-O Nc6 8. Ne5
Bxe5 9. Bxe5 Nxe5 10. dxe5 Ng4 11. Be2 Nxe5 12. Qd4 Nc6 13. Qc5 Qe7 14. Na4 Qh4
15. c4 d4 16. Bf3 Bd7 17. g3 Qf6 18. Qa3 Ne5 19. Bxb7 Rab8 20. Bg2 Nxc4 21. Qd3
Bxa4 22. Qxc4 Bb5 23. Qxc7 Bxf1 24. Rxf1 d3 25. b3 Qf7 26. Qa5 Rfd8 27. Rd1
Rbc8 28. Bf1 Rd5 29. Qa6 Rdc5 30. Rxd3 R5c6 31. Qa5 Rc1 32. Rd6 Qb7 33. Qe5 Qf3
34. Qb5 R1c2 0-1

[Event "Skakligaen 2005/06"]
[Site "Denmark"]
[Date "2006.01.14"]
[Round "4.1"]
[White "Pedersen, Christian Kyndel"]
[Black "Matthiesen, Martin"]
[Result "1-0"]
[WhiteElo "2405"]
[BlackElo "2361"]
[PlyCount "65"]
[EventDate "2005.11.05"]
[EventType "team"]
[EventRounds "9"]
[EventCountry "DEN"]
[WhiteTeam "Nordre"]
[BlackTeam "SK1968"]
[WhiteTeamCountry "DEN"]
[BlackTeamCountry "DEN"]

1. e4 e5 2. Nf3 Nf6 3. Nxe5 d6 4. Nf3 Nxe4 5. d4 d5 6. Bd3 Nc6 7. O-O Be7 8. c4
Nb4 9. Be2 O-O 10. Nc3 Bf5 11. a3 Nxc3 12. bxc3 Nc6 13. Re1 Re8 14. Bf4 dxc4
15. Bxc4 Bd6 16. Rxe8+ Qxe8 17. Bxd6 cxd6 18. Ng5 Bg6 19. Qg4 h6 20. Nh3 Qe4
21. Nf4 Ne5 22. dxe5 Qxc4 23. exd6 Qxc3 24. Rd1 Bc2 25. Rf1 Qxa3 26. Qd7 Qc5
27. Qxb7 Rd8 28. g3 Rxd6 29. Qb8+ Kh7 30. Qf8 Qc7 31. Nh5 f6 32. Nxg7 Qd8 33.
Ne8 1-0

[Event "Skakligaen 2005/06"]
[Site "Denmark"]
[Date "2006.01.14"]
[Round "4.2"]
[White "Matthiesen, Arne"]
[Black "Christensen, Jan Schleicher"]
[Result "1-0"]
[WhiteElo "2368"]
[BlackElo "2243"]
[PlyCount "75"]
[EventDate "2005.11.05"]
[EventType "team"]
[EventRounds "9"]
[EventCountry "DEN"]
[WhiteTeam "SK1968"]
[BlackTeam "Nordre"]
[WhiteTeamCountry "DEN"]
[BlackTeamCountry "DEN"]

1. d4 Nf6 2. c4 e6 3. Nf3 c5 4. Nc3 cxd4 5. Nxd4 Nc6 6. a3 Nxd4 7. Qxd4 b6 8.
e4 Bc5 9. Qd1 O-O 10. b4 Be7 11. Bd3 Bb7 12. e5 Ne8 13. O-O d6 14. Qc2 dxe5 15.
Bxh7+ Kh8 16. Rd1 Qc7 17. Rd3 Nf6 18. Rh3 Rfd8 19. Bg5 e4 20. Nxe4 Qe5 21. Rf1
Rab8 22. Nxf6 Bxf6 23. Be3 Ba8 24. Be4+ Kg8 25. Bxa8 Rxa8 26. c5 g6 27. cxb6
Rac8 28. Qa4 axb6 29. Bxb6 Rd2 30. Qa6 Rdc2 31. Bc5 Rd8 32. Rd3 Rxd3 33. Qxd3
Qb2 34. Qd7 Rc1 35. Qe8+ Kh7 36. Qxf7+ Bg7 37. Qxe6 Qxa3 38. Qe2 1-0

[Event "Skakligaen 2005/06"]
[Site "Denmark"]
[Date "2006.01.14"]
[Round "4.3"]
[White "Petersen, Tom Petri"]
[Black "Hansen, Lars"]
[Result "1/2-1/2"]
[WhiteElo "2241"]
[BlackElo "2255"]
[PlyCount "65"]
[EventDate "2005.11.05"]
[EventType "team"]
[EventRounds "9"]
[EventCountry "DEN"]
[WhiteTeam "Nordre"]
[BlackTeam "SK1968"]
[WhiteTeamCountry "DEN"]
[BlackTeamCountry "DEN"]

1. e4 g6 2. Nc3 Bg7 3. g3 d6 4. Bg2 c5 5. d3 Nc6 6. Be3 e5 7. Nge2 Nge7 8. O-O
Nd4 9. Qd2 Bg4 10. f3 Be6 11. Nd1 Qd7 12. c3 Nxe2+ 13. Qxe2 O-O 14. Nf2 Rac8
15. Rfd1 f5 16. f4 exf4 17. Bxf4 h6 18. exf5 Nxf5 19. Re1 Rce8 20. Qc2 Nh4 21.
Ne4 Nxg2 22. Qxg2 Bh3 23. Qd2 Kh7 24. Bxd6 Rf3 25. Rad1 Qc6 26. Bf4 c4 27. Qe2
Rxd3 28. Rc1 Qc5+ 29. Qf2 Qc6 30. Qe2 Qb6+ 31. Qf2 Qc6 32. Qe2 Qb6+ 33. Qf2
1/2-1/2

[Event "Skakligaen 2005/06"]
[Site "Denmark"]
[Date "2006.01.14"]
[Round "4.4"]
[White "Sobjerg, Erik"]
[Black "Hoiberg, Nina"]
[Result "1-0"]
[WhiteElo "2288"]
[BlackElo "2252"]
[PlyCount "83"]
[EventDate "2005.11.05"]
[EventType "team"]
[EventRounds "9"]
[EventCountry "DEN"]
[WhiteTeam "SK1968"]
[BlackTeam "Nordre"]
[WhiteTeamCountry "DEN"]
[BlackTeamCountry "DEN"]

1. e4 e5 2. Nf3 d6 3. d4 exd4 4. Nxd4 Nc6 5. Bb5 Bd7 6. Nc3 Be7 7. Bxc6 bxc6 8.
Qd3 Nf6 9. Bg5 O-O 10. O-O-O Ng4 11. Bxe7 Qxe7 12. Qg3 Rab8 13. Rhe1 Rb4 14. f4
Qf6 15. h3 Rxd4 16. hxg4 Rxd1+ 17. Rxd1 Qg6 18. g5 h6 19. Rh1 f6 20. Qe3 fxg5
21. f5 Qe8 22. Qxa7 d5 23. g4 Qe5 24. Rd1 Qf4+ 25. Kb1 Qxg4 26. Qxc7 Be8 27.
exd5 cxd5 28. b3 Bf7 29. Qd7 h5 30. Kb2 h4 31. Nxd5 h3 32. Ne7+ Kh8 33. Qd6 Re8
34. Ng6+ Kg8 35. Re1 Bxg6 36. fxg6 Rf8 37. Qd5+ Kh8 38. Rf1 Qc8 39. Qxg5 Rxf1
40. Qh5+ Kg8 41. Qh7+ Kf8 42. Qh8+ 1-0

[Event "Skakligaen 2005/06"]
[Site "Denmark"]
[Date "2006.01.14"]
[Round "4.5"]
[White "Veng, Johny"]
[Black "Bank, Pelle Rodkjaer"]
[Result "0-1"]
[WhiteElo "2185"]
[BlackElo "2286"]
[PlyCount "149"]
[EventDate "2005.11.05"]
[EventType "team"]
[EventRounds "9"]
[EventCountry "DEN"]
[WhiteTeam "Nordre"]
[BlackTeam "SK1968"]
[WhiteTeamCountry "DEN"]
[BlackTeamCountry "DEN"]

1. e4 g6 2. d4 c6 3. Nf3 d5 4. Nbd2 Bg7 5. c3 Nh6 6. Bd3 O-O 7. O-O f6 8. Re1
Nf7 9. Qb3 b6 10. h3 Qd6 11. c4 e6 12. exd5 cxd5 13. cxd5 exd5 14. Nf1 Nc6 15.
Ne3 Be6 16. Nc2 Ng5 17. Bxg5 fxg5 18. Bb5 Rac8 19. Bxc6 Rxc6 20. Ne5 Rc7 21.
Rad1 Qd8 22. Re2 Qf6 23. Ne1 Rd8 24. Qg3 Rdc8 25. Qe3 Bf5 26. Ng4 Qd8 27. Nf3
h5 28. Nge5 g4 29. hxg4 hxg4 30. Nh2 Qh4 31. Qb3 Rd8 32. Rde1 Bf6 33. Qg3 Qxg3
34. fxg3 Bxe5 35. dxe5 d4 36. Nf1 Kf7 37. Rd2 Ke6 38. Ne3 Rc5 39. Nd1 Rxe5 40.
Rxe5+ Kxe5 41. Kf2 Rc8 42. Re2+ Kd5 43. Rd2 Ke5 44. Re2+ Be4 45. Ke1 Rc1 46.
Rf2 a5 47. Rf8 Ra1 48. Kd2 Rxa2 49. Re8+ Kd5 50. Rd8+ Kc5 51. Rc8+ Kb5 52. Rd8
Ra4 53. Nf2 Bf5 54. Nd3 Rc4 55. Rd5+ Ka6 56. Rd6 Rc7 57. Rxd4 Rd7 58. Rxd7 Bxd7
59. Kc3 Bf5 60. Ne5 b5 61. Kd4 Kb6 62. Kd5 a4 63. Kd4 b4 64. Nc4+ Kb5 65. Nd6+
Kc6 66. Nc4 Kb5 67. Nd6+ Kb6 68. Nc4+ Kc6 69. Ne5+ Kb5 70. Nc4 Be6 71. Nd6+ Kc6
72. Ne4 a3 73. bxa3 bxa3 74. Kc3 Kd5 75. Nf2 0-1

[Event "Skakligaen 2005/06"]
[Site "Denmark"]
[Date "2006.01.14"]
[Round "4.6"]
[White "Lindfeldt, Jan Magnus"]
[Black "Pedersen, Karl"]
[Result "1/2-1/2"]
[WhiteElo "2231"]
[BlackElo "2244"]
[PlyCount "54"]
[EventDate "2005.11.05"]
[EventType "team"]
[EventRounds "9"]
[EventCountry "DEN"]
[WhiteTeam "SK1968"]
[BlackTeam "Nordre"]
[WhiteTeamCountry "DEN"]
[BlackTeamCountry "DEN"]

1. e4 e5 2. Nf3 Nc6 3. Bb5 Nf6 4. O-O Be7 5. d4 Nxe4 6. Qe2 Nd6 7. Bxc6 bxc6 8.
dxe5 Nb7 9. Nd4 Nc5 10. Rd1 Bb7 11. Qg4 g6 12. Nc3 h5 13. Qg3 h4 14. Qg4 Qc8
15. b4 Ne6 16. Nxe6 dxe6 17. Ne4 a5 18. Nf6+ Bxf6 19. exf6 Rh5 20. bxa5 c5 21.
Qa4+ c6 22. Be3 Qc7 23. Rab1 Bc8 24. Qb3 Qxa5 25. Qd3 Rd5 26. Qe4 Qa4 27. Qxa4
Rxa4 1/2-1/2

[Event "Skakligaen 2005/06"]
[Site "Denmark"]
[Date "2006.01.14"]
[Round "4.7"]
[White "Hansen, Per"]
[Black "Hansen, Bjarne"]
[Result "0-1"]
[WhiteElo "2140"]
[BlackElo "2253"]
[PlyCount "44"]
[EventDate "2005.11.05"]
[EventType "team"]
[EventRounds "9"]
[EventCountry "DEN"]
[WhiteTeam "Nordre"]
[BlackTeam "SK1968"]
[WhiteTeamCountry "DEN"]
[BlackTeamCountry "DEN"]

1. d4 Nf6 2. c4 c5 3. d5 b5 4. cxb5 a6 5. b6 g6 6. Nc3 Bg7 7. a4 Qxb6 8. Nf3 d6
9. Nd2 O-O 10. e4 Nbd7 11. Nc4 Qd8 12. a5 Ne8 13. Be2 Nc7 14. Na3 Nb5 15. Naxb5
axb5 16. Nxb5 Rxa5 17. Rxa5 Qxa5+ 18. Bd2 Qb6 19. Bc3 Ba6 20. Bxg7 Kxg7 21. Qa4
Rb8 22. Nxd6 Bxe2 0-1

[Event "Skakligaen 2005/06"]
[Site "Denmark"]
[Date "2006.01.14"]
[Round "4.8"]
[White "Alkaersig, Ole"]
[Black "Danstrup, Niels"]
[Result "1/2-1/2"]
[WhiteElo "2181"]
[BlackElo "2120"]
[PlyCount "85"]
[EventDate "2005.11.05"]
[EventType "team"]
[EventRounds "9"]
[EventCountry "DEN"]
[WhiteTeam "SK1968"]
[BlackTeam "Nordre"]
[WhiteTeamCountry "DEN"]
[BlackTeamCountry "DEN"]

1. e4 d6 2. d4 Nf6 3. Nc3 g6 4. f4 Bg7 5. Nf3 c5 6. Bb5+ Bd7 7. e5 Ng4 8. e6
Bxb5 9. exf7+ Kd7 10. Nxb5 Qa5+ 11. Nc3 cxd4 12. Nxd4 Bxd4 13. Qxd4 Nc6 14. Qc4
Qb6 15. Qe2 h5 16. Bd2 Nd4 17. Qd3 Nf5 18. Ne4 Rhf8 19. O-O-O Rac8 20. Rhe1
Rxf7 21. h3 Ngh6 22. Ng5 Rff8 23. Bc3 Qc6 24. g3 Qc4 25. Qf3 Rc6 26. Kb1 h4 27.
g4 Ng3 28. Qe3 Ng8 29. Rd4 Qb5 30. Nf3 Rxc3 31. Qxc3 Ne2 32. Qe3 Nxd4 33. Qxd4
Kc7 34. Qg7 Rxf4 35. Nd4 Qe5 36. Qxe5 dxe5 37. Ne6+ Kd6 38. Nxf4 exf4 39. c4 e5
40. Kc2 Nf6 41. b4 b6 42. Rd1+ Ke6 43. Kd3 1/2-1/2